000 01366nam a2200217 a 4500
008 190709s2000 ||||||||||||||||| || u
020 _a9788122412253
050 _aTD 201 Pan
100 _aPanchdhari, A. C
245 1 0 _aWater supply and sanitary installations (within building) design, construction and maintenance. (2nd edition)
_cBy A. C. Panchdhari
250 _a2nd edition
260 _aBangalore
_bNew Age International Publishers
_c2000
300 _ax, 222 pages : illustrations
650 _aSANITARY INSTALLATIONS--DESIGN--CONSTRUCTION--MAINTENANCE
650 0 _aWATER SUPPLY
995 _D57.52
_FCBU-MAIN LIBRARY (Kitwe)
_M1
_UAVAILABLE
_WJul 11, 2019
_ZMain Library Open Access Collection
995 _D57.52
_FCBU-MAIN LIBRARY (Kitwe)
_M2
_UAVAILABLE
_WJul 11, 2019
_ZMain Library Open Access Collection
995 _FCBU-MPIKA LIBRARY
_M4
_UAVAILABLE
_WNov 22, 2019
_ZShort Loan Collection
995 _FCBU-MAIN LIBRARY (Kitwe)
_M5
_UAVAILABLE
_WNov 22, 2019
_ZShort Loan Collection
995 _D57.52
_FCBU-MAIN LIBRARY (Kitwe)
_M3
_UAVAILABLE
_WJul 11, 2019
_ZMain Library Open Access Collection
999 _c62493
_d62493